Fahrenheit 451

Zapisane w:
Opis bibliograficzny
1. autor: Bradbury, Ray (Autor)
Format: Książka
Język:hiszpański
Wydane: Barcelona Plaza and Janes 1993
Wydanie:7a. ed
Seria:El Ave Fenix, 10
Hasła przedmiotowe:
Etykiety: Dodaj etykietę
Nie ma etykietki, Dołącz pierwszą etykiete!

MARC

LEADER 00000nam a2200000 a 4500
001 UCH4350
003 CL-VaPUC
008 090818e19930000SP |||||||||||||||||spa|d
082 0 4 |a 813  |b BRA  |2 21 
100 0 |a Bradbury, Ray  |e author  |9 429861 
245 1 0 |a Fahrenheit 451 
250 |a 7a. ed 
300 |a 174 p 
942 |c BK 
945 |d 20090818 00:00:00  |a lazolas 
260 |a Barcelona  |b Plaza and Janes  |c 1993 
650 0 |a Novelas de ciencia ficción  |9 320228 
650 0 |a Novelas estadounidenses  |9 265217 
583 |a last modification  |c 20090818 00:00:00  |k Rodrigo Vera 
490 0 |a El Ave Fenix, 10 
999 |c 335675  |d 335673